Clic Pinocchio - Statistiques

Statistiques générales
  • Ce quiz a été pris 48 fois
  • Le résultat moyen est 12 sur 20
Statistiques - réponses
Hint Réponse % Correct
Qui est le "père" de Pinocchio ? Geppetto
97%
De quel pays vient Pinocchio ? Italie
97%
Qui est l'auteur des aventures de Pinocchio ? Carlo Collodi
94%
Où se rend en voyage Pinocchio ? Pays de cocagne
90%
Quel jouet est Pinocchio ? Un... Pantin
87%
Que devient Pinocchio à la fin de l'histoire ? Un... Garçon
84%
Qu'est ce qui pousse dans le visage de Pinocchio ? Nez
84%
En quel animal se transforme Pinocchio ? Ane
81%
Quel animal avale Pinocchio ? Requin
74%
Quel spectacle veut voir Pinocchio ? Marionnettes
68%
Comment se nomme l'ami de voyage de Pinocchio ? Lumignon
55%
Qui veille sur Pinocchio ? La fée aux cheveux bleus
52%
Quel animal rencontre notamment Pinocchio ? Un..; Renard
52%
Que vend Gepetto pour permettre à Pinocchio d'étudier ? Manteau
45%
Quelle est la matière du chapeau de Pinocchio ? Mie de pain
42%
Que signifie Pinocchio en toscan ? Pignon de pin
29%
Le marionnettiste se nomme Mangefeu
26%
Pinocchio rencontre un animal dont la queue fume, c'est un Serpent
26%
Qui parle parmi les médecins appelés au chevet de Pinocchio ? Grillon
16%
Qu'est ce qui se transforme dans le visage Pinocchio ? Oreilles
16%
Aucun quiz correspondant
Distribution des résultats
% des personnes avec chaque résultat
Percentile par nombre de réponses
Votre historique - résultats
Vous n’avez pas pris ce quiz